<?xml version="1.0" encoding="UTF-8"?><?xml-stylesheet type="text/xsl" href="static/style.xsl"?><OAI-PMH xmlns="http://www.openarchives.org/OAI/2.0/" xmlns:xsi="http://www.w3.org/2001/XMLSchema-instance" xsi:schemaLocation="http://www.openarchives.org/OAI/2.0/ http://www.openarchives.org/OAI/2.0/OAI-PMH.xsd"><responseDate>2026-06-07T06:37:34Z</responseDate><request verb="GetRecord" identifier="oai:riuma.uma.es:10630/13827" metadataPrefix="marc">https://riuma.uma.es/rest/oai/request</request><GetRecord><record><header><identifier>oai:riuma.uma.es:10630/13827</identifier><datestamp>2026-02-03T12:11:42Z</datestamp><setSpec>com_10630_2254</setSpec><setSpec>col_10630_37959</setSpec></header><metadata><record xmlns="http://www.loc.gov/MARC21/slim" xmlns:dcterms="http://purl.org/dc/terms/" xmlns:doc="http://www.lyncode.com/xoai" xmlns:xsi="http://www.w3.org/2001/XMLSchema-instance" xsi:schemaLocation="http://www.loc.gov/MARC21/slim http://www.loc.gov/standards/marcxml/schema/MARC21slim.xsd">
   <leader>00925njm 22002777a 4500</leader>
   <datafield ind2=" " ind1=" " tag="042">
      <subfield code="a">dc</subfield>
   </datafield>
   <datafield ind2=" " ind1=" " tag="720">
      <subfield code="a">Gutiérrez-Cobo, María José</subfield>
      <subfield code="e">author</subfield>
   </datafield>
   <datafield ind2=" " ind1=" " tag="720">
      <subfield code="a">Cabello-González, Rosario</subfield>
      <subfield code="e">author</subfield>
   </datafield>
   <datafield ind2=" " ind1=" " tag="720">
      <subfield code="a">Fernández-Berrocal, Pablo</subfield>
      <subfield code="e">author</subfield>
   </datafield>
   <datafield ind2=" " ind1=" " tag="260">
      <subfield code="c">2017-06-09</subfield>
   </datafield>
   <datafield ind2=" " ind1=" " tag="520">
      <subfield code="a">La Inteligencia Emocional (IE) o la habilidad de percibir, usar, entender y regular las emociones ha sido relacionada con numerosos beneficios para las personas. Concretamente, mayores niveles en esta habilidad se han relacionado con una mejor salud tanto física como mental, con un mayor bienestar, un mejor funcionamiento social y rendimiento escolar o una menor agresividad, entre otros. Recientemente, se han desarrollado dos programas para mejorar dichas habilidades: el programa INTEMO e INTEMO +. Dichos programas han sido implementados y validados para adolescentes y están centrados en el aprendizaje de las cuatro habilidades emocionales que abarcan la IE. Diversos estudios demuestran cómo aquellos adolescentes que han sido entrenados con estos programas muestran menor sintomatología clínica que los controles, incluso seis meses después de la finalización del programa. Asimismo, los adolescentes que participaron en el mismo presentaron un mejor ajuste psicosocial y una mayor empatía, así como menores niveles de agresión física y verbal, ira y hostilidad.</subfield>
   </datafield>
   <datafield ind1="8" ind2=" " tag="024">
      <subfield code="a">http://hdl.handle.net/10630/13827</subfield>
   </datafield>
   <datafield tag="653" ind2=" " ind1=" ">
      <subfield code="a">Inteligencia emocional</subfield>
   </datafield>
   <datafield ind2="0" ind1="0" tag="245">
      <subfield code="a">Programas para mejorar la inteligencia emocional desde el modelo de Mayer y Salovey: sus beneficios en el ámbito psicoeducativo</subfield>
   </datafield>
</record>
</metadata></record></GetRecord></OAI-PMH>